00690cam a2200205 a 450000100100000000500170001000800410002702000150006804000230008308200200010610000350012624500330016126000400019430000210023465000260025565000310028191000340031295201230034699900150046900000309020200929150327.0990323s1998 mx 000 f spa  a9681903579 aDO-SdBNPcZCUdDLC aM863. 44bS684s1 aSolares, Ignacio,d1945-9975613aEl sitio /cIgnacio Solares. aMéxico, D.F. :bAlfaguara,c1998. a290 p. ;c22 cm. 4aNovela mexicana93959 4aLiteratrura mexicana99757 aCatalogación por copia / LC 001052708MOaGRbGRcHDd2009-07-06iLF1l0oM863. 44 S684sp3090-10r2020-06-25w2020-06-25y2ZPréstamo interno c2921d2921